Normal view
MARC view
Entry Topical Term
001 - CONTROL NUMBER
- control field: 858149
003 - CONTROL NUMBER IDENTIFIER
- control field: OSt
005 - DATE AND TIME OF LATEST TRANSACTION
- control field: 20251219153207.0
008 - FIXED-LENGTH DATA ELEMENTS
- fixed length control field: 251219|| aca||aabn | a|a d
040 ## - CATALOGING SOURCE
- Original cataloging agency: OSt
- Transcribing agency: OSt
150 ## - HEADING--TOPICAL TERM
- Topical term or geographic name entry element: कृषि विज्ञान
670 ## - SOURCE DATA FOUND
- Source citation: Work cat.: (OSt)1435686: गुप्ता, देवेन्द्र कुमार 821797, वैदिक कृषि - विज्ञान , 2012.
